Alle Musiker im „Club 27“ - Statistiken

Allgemein
  • Dieses Quiz wurde 70 mal gespielt
  • Das Durchschnittsergebnis liegt bei 4 aus 6
Antwortstatistiken
Sterbejahr/Instrument Name % Korrekt
2011/Sängerin Amy Winehouse
98%
1994/Sänger Kurt Cobain
93%
1970/Gitarre Jimi Hendrix
82%
1971/Sänger Jim Morrison
50%
1970/Sängerin Janis Joplin
48%
1969/Gitarre Brian Jones
22%
Keine übereinstimmenden Quizze gefunden
Verteilung der Resultate
Anzahl Personen mit jedem Resultat
Perzentil nach korrekt beantworteten Fragen
Ihre Resultats-Entwicklung
Sie haben dieses Quiz noch nicht gespielt